| 000 | 01087nam0a22002891 4500 | ||
|---|---|---|---|
| 001 | rc\2181357 | ||
| 005 | 20250623084902.0 | ||
| 035 | _a(NLR Aleph) 006690955 | ||
| 090 |
_a5149174 _c5149174 |
||
| 100 | _a20110829d1978 |||y0rusy50 ca | ||
| 101 | 0 |
_arus _aspa |
|
| 102 | _aRU | ||
| 105 | _aa j ||||| | ||
| 200 | 1 | _aКнига для чтения к учебникам испанского языка для 2-х и 3-х классов школ с преподаванием ряда предметов на испанском языке | |
| 210 |
_aМосква _cПросвещение _d1978 |
||
| 215 |
_a192 с. _cил. _d22 |
||
| 300 | _aНа обл. сост. не указаны | ||
| 512 | 0 | _aLibro de lectura547 | |
| 606 |
_aИспанский язык _jХрестоматии _2psbo |
||
| 700 | 1 |
_aИткис _bМ.З. _gМэлли Зейликовна |
|
| 701 | 1 |
_aИткис _bГ.И. _gГригорий Исаевич |
|
| 801 | 0 |
_aRU _bNLR _gpsbo |
|
| 801 | 1 |
_aRU _bELAR _2rusmarc |
|
| 852 |
_aNLR _j78-5/2822 |
||
| 899 |
_aRuMoRGB _jM 78-3/292 |
||
| 942 | _cBOOK | ||
| 980 | _aNB | ||